The noble scholar, jurist, historian


 His Excellency Dr. Abdul Wahhab bin Ibrahim Abu Sulaiman, may Allah have mercy on him.


 He was born in Umm Al-Qura in the year 1356 AH.

إمارة الأشراف الخواجيين في المخلاف السليماني في النصف الأول من القرن الحادي عشر الهجري 1006-1053 هـ. (1597-1643 م) : (Record no. 10363)

MARC details
000 -LEADER
fixed length control field 01409cam a2200313 i 4500
003 - CONTROL NUMBER IDENTIFIER
control field OSt
005 - DATE AND TIME OF LATEST TRANSACTION
control field 20250729054135.0
008 - FIXED-LENGTH DATA ELEMENTS--GENERAL INFORMATION
fixed length control field 250725s2012 su g f000 0dara c
020 ## - INTERNATIONAL STANDARD BOOK NUMBER
International Standard Book Number 9786038002605
035 ## - SYSTEM CONTROL NUMBER
System control number u36510
040 ## - CATALOGING SOURCE
Original cataloging agency AE-AdNL
Language of cataloging ara
Transcribing agency SA-RiAUC
Description conventions rda
043 ## - GEOGRAPHIC AREA CODE
Geographic area code a-su---
050 #4 - LIBRARY OF CONGRESS CALL NUMBER
Item number S86 2012
082 04 - DEWEY DECIMAL CLASSIFICATION NUMBER
Classification number 953.165
Assigning agency SA-RiAUC
090 ## - LOCALLY ASSIGNED LC-TYPE CALL NUMBER (OCLC); LOCAL CALL NUMBER (RLIN)
Classification number (OCLC) (R) ; Classification number, CALL (RLIN) (NR) 953.165
Local cutter number (OCLC) ; Book number/undivided call number, CALL (RLIN) ص م ي
100 1# - MAIN ENTRY--PERSONAL NAME
Personal name الصميلي، علي بن حسين،
Dates associated with a name 1387 هجري-
Relator term مؤلف.
245 10 - TITLE STATEMENT
Title إمارة الأشراف الخواجيين في المخلاف السليماني في النصف الأول من القرن الحادي عشر الهجري 1006-1053 هـ. (1597-1643 م) :
Remainder of title دراسة سياسية /
Statement of responsibility, etc. علي بن حسين الصميلي.
264 #1 - PRODUCTION, PUBLICATION, DISTRIBUTION, MANUFACTURE, AND COPYRIGHT NOTICE
Place of production, publication, distribution, manufacture الرياض :
Name of producer, publisher, distributor, manufacturer دارة الملك عبد العزيز،
Date of production, publication, distribution, manufacture, or copyright notice 2012
300 ## - PHYSICAL DESCRIPTION
Extent 156 صفحة ؛
Dimensions 24 سم
336 ## - CONTENT TYPE
Content type term نص
Content type code txt
Source rdacontent
Materials specified كتاب
337 ## - MEDIA TYPE
Media type term بدون وسيط
Media type code n
Source rdamedia
338 ## - CARRIER TYPE
Carrier type term مجلد
Carrier type code nc
Source rdacarrier
650 17 - SUBJECT ADDED ENTRY--TOPICAL TERM
Topical term or geographic name entry element الأنساب العربية
Geographic subdivision السعودية
-- جازان
Source of heading or term aucsh
651 #7 - SUBJECT ADDED ENTRY--GEOGRAPHIC NAME
Geographic name جازان (السعودية)
General subdivision تاريخ
Chronological subdivision قرن 11 هجري
Source of heading or term aucsh
651 #7 - SUBJECT ADDED ENTRY--GEOGRAPHIC NAME
Geographic name جازان (السعودية)
General subdivision سياسة وحكومة
Chronological subdivision قرن 11 هجري
Source of heading or term aucsh
651 #7 - SUBJECT ADDED ENTRY--GEOGRAPHIC NAME
Geographic name جازان (السعودية)
Form subdivision تراجم
Source of heading or term aucsh
942 ## - ADDED ENTRY ELEMENTS (KOHA)
Source of classification or shelving scheme Dewey Decimal Classification
Koha item type Books
Suppress in OPAC No
949 ## - LOCAL PROCESSING INFORMATION (OCLC)
a SA-JeALM
d 250725
u mohamedma123
n 1
Holdings
Withdrawn status Lost status Source of classification or shelving scheme Damaged status Not for loan Home library Current library Date acquired Total checkouts Full call number Barcode Date last seen Price effective from Koha item type
    Dewey Decimal Classification     DR AbdElwahab Library DR AbdElwahab Library 07/29/2025   953.165 ص م ي 000016863 07/29/2025 07/29/2025 Books